UK Cities and Towns by Map - Statistics

General Stats
  • This quiz has been taken 46,621 times
  • The average score is 24 of 40
Answers on the Map
Answers color-coded by a green-red scale on the quiz's map according to % correct below.
 
Answer Stats
City % Correct
London
98%
Manchester
95%
Edinburgh
93%
Liverpool
93%
Glasgow
92%
Cardiff
89%
Belfast
88%
Birmingham
86%
Newcastle
80%
Aberdeen
78%
Leeds
78%
Bristol
73%
Oxford
72%
Brighton
69%
Southampton
69%
Swansea
67%
York
67%
Cambridge
66%
Dover
66%
Plymouth
65%
Inverness
63%
Norwich
61%
Sheffield
61%
Portsmouth
60%
Londonderry
59%
Leicester
56%
Kingston upon Hull
53%
Dundee
51%
Blackpool
46%
Exeter
46%
Bournemouth
44%
Carlisle
38%
Coventry
38%
Reading
37%
Lincoln
33%
Aberystwyth
27%
Wrexham
27%
Colchester
23%
Holyhead
18%
Stornoway
16%
No matching quizzes found
Score Distribution
Percent of People with Each Score
Percentile by Number Answered
Your Score History
You have not taken this quiz